000 00711nam a2200253Ia 4500
001 35152
005 20240114001802.0
007 ta
008 070313s1985 a g b000 u 465 u
040 _aCotton College,Assam
041 _a465
082 _a928
_bAg 38 Le
100 _aAgarwala, Satish C..
245 0 _aLegacy of Indira Gandhi /
_cSatish C.Agarwala & Adish C.Agarwala.
_hTextual Documents
250 _a1st ed. /
260 _aNew Delhi :
_bSocialist Age Publications ,
_c1985.
300 _a324p. :
_bill ;
_c23cm .
653 _aBiography-Indira Gandhi
653 _aG-Biography
700 _aAgarwala, Adish C..
942 _2ddc
_cBK
999 _c35134
_d35134